America's architectural roots : Ethnic groups that built America

Is the first book to explore the ethnic derivations of American buildings with such a broad scope. The contributions of 22 groups are highlighted in this fascinating overview that provides an important new way of looking at the buildings that surround us. Groups covered include Native Americans, Afr...

全面介紹

Đã lưu trong:
書目詳細資料
格式: 圖書
語言:Undetermined
出版: New York Preservation Press 1986
主題:
標簽: 添加標簽
沒有標簽, 成為第一個標記此記錄!
Thư viện lưu trữ: Trung tâm Học liệu Trường Đại học Cần Thơ
LEADER 01069nam a2200217Ia 4500
001 CTU_163792
008 210402s9999 xx 000 0 und d
020 |c 18.96 
082 |a 720.973 
082 |b A512 
245 0 |a America's architectural roots : 
245 0 |b Ethnic groups that built America 
245 0 |c Edited by Dell Upton 
260 |a New York 
260 |b Preservation Press 
260 |c 1986 
520 |a Is the first book to explore the ethnic derivations of American buildings with such a broad scope. The contributions of 22 groups are highlighted in this fascinating overview that provides an important new way of looking at the buildings that surround us. Groups covered include Native Americans, African-Americans, Belgians, Germans, Mexicans, the Irish and Japanese, among others. 
650 |a Ethnic architecture,Vernacular architecture,Kiến trúc dân tộc,Kiến trúc bản địa 
650 |z United States,United States,Hoa Kỳ,Hoa Kỳ 
904 |i Qhieu 
980 |a Trung tâm Học liệu Trường Đại học Cần Thơ